The land transaction return (Record no. 74238)
[ view plain ]
| 000 -LEADER | |
|---|---|
| fixed length control field | 01128cab a2200241 4500 |
| 001 - CONTROL NUMBER | |
| control field | ABS67565 |
| 008 - FIXED-LENGTH DATA ELEMENTS--GENERAL INFORMATION | |
| fixed length control field | 040304n2004 000 0 eng u |
| 035 ## - SYSTEM CONTROL NUMBER | |
| System control number | (Sirsi) u125332 |
| 100 ## - MAIN ENTRY--PERSONAL NAME | |
| Personal name | Hutton, M. |
| 245 #4 - TITLE STATEMENT | |
| Title | The land transaction return |
| 260 ## - PUBLICATION, DISTRIBUTION, ETC. | |
| Date of publication, distribution, etc. | 2004 |
| 490 ## - SERIES STATEMENT | |
| Series statement | Taxation |
| Volume/sequential designation | 152(3943) 5 February 2004, 434-436 and 463-465(6) |
| 520 ## - SUMMARY, ETC. | |
| Summary, etc. | The first part of this two part article introduces the stamp duty land tax compliance documentation commonly referred to as SDLT 1. Gives advice on filling out the form and provides a commentary to the first 48 boxes which are mainly concerned with details of the new lease. The concluding part comments on the boxes 49 to 71 of the form. Looks at the three supplementary forms and suggests some preliminary information to be sought from the purchaser in order to enable accurate completion of the form. |
| 590 ## - LOCAL NOTE (RLIN) | |
| Local note | ABS |
| 650 ## - SUBJECT ADDED ENTRY--TOPICAL TERM | |
| Topical term or geographic name entry element | STAMP DUTY |
| 650 ## - SUBJECT ADDED ENTRY--TOPICAL TERM | |
| Topical term or geographic name entry element | STAMP DUTY LAND TAX |
| 650 ## - SUBJECT ADDED ENTRY--TOPICAL TERM | |
| Topical term or geographic name entry element | FINANCE ACT 2003 |
| 650 ## - SUBJECT ADDED ENTRY--TOPICAL TERM | |
| Topical term or geographic name entry element | STAMP DUTY LAND TAX (ADMINISTRATION) REGULATIONS 2003 |
| 650 ## - SUBJECT ADDED ENTRY--TOPICAL TERM | |
| Topical term or geographic name entry element | SDLT 1 |
| 690 ## - LOCAL SUBJECT ADDED ENTRY--TOPICAL TERM (OCLC, RLIN) | |
| Topical term or geographic name as entry element | TAXATION |
| 700 ## - ADDED ENTRY--PERSONAL NAME | |
| Personal name | Anstey, S. |
| 942 ## - ADDED ENTRY ELEMENTS (KOHA) | |
| Suppress in OPAC | 0 |
| Withdrawn status | Lost status | Source of classification or shelving scheme | Damaged status | Not for loan | Home library | Current library | Shelving location | Date acquired | Total Checkouts | Full call number | Barcode | Date last seen | Copy number | Price effective from | Koha item type |
|---|---|---|---|---|---|---|---|---|---|---|---|---|---|---|---|
| Dewey Decimal Classification | London | London | Journal article | 04/03/2004 | ABS67565 | 125332-1001 | 06/08/2019 | 1 | 06/08/2019 | Journal article |